01097nac a22003011i 4500003000900000005001700009008004100026020002100067020001800088040004300106082002200149100004300171245006800214264005300282264001000335300004600345336002600391337002800417338002700445490004100472504005200513600003300565650003400598655001700632942001200649999001500661952011900676EG-ScBUE20260226093340.0260226t1990 enka f b 001 0 eng d a0521566681 (pbk) a9780521566681 aEG-ScBUEbengerdacEG-ScBUEdEG-ScBUE04a575.0092bBOW2221 aBowler, Peter J., eauthor.10aCharles Darwin :bthe man and his influence /cPeter J. Bowler. 1aCambridge :bCambridge University Press,c[1990] 4ac1990 axii, 250 pages :billustrations ;c24 cm. 2rdacontentatextbtxt aunmediated2rdamediabn avolumebnc2rdacarrier0 aCambridge science biographies series aIncludes bibliographical references and index. 17aDarwin, Charles,d1809-1882. 7aBiologistsvBiography.2BUEsh vReading book cBB2ddc c7097d7097 00104070aMAINbMAINc1STd2008-01-02ePurchasel0o575.0092 BOWp000008741r2025-07-15 00:00:00w2008-01-02yBB